Business basics
Uloženo v:
| Hlavní autor: | |
|---|---|
| Médium: | Kniha |
| Jazyk: | Undetermined |
| Vydáno: |
Oxford
Oxford University Press
2006
|
| Témata: | |
| Tagy: |
Přidat tag
Žádné tagy, Buďte první, kdo otaguje tento záznam!
|
| Thư viện lưu trữ: | Trung tâm Học liệu Trường Đại học Cần Thơ |
|---|
| LEADER | 00661nam a2200217Ia 4500 | ||
|---|---|---|---|
| 001 | CTU_134228 | ||
| 008 | 210402s9999 xx 000 0 und d | ||
| 020 | |c 92500 | ||
| 082 | |a 428.24 | ||
| 082 | |b G761/CD.1 | ||
| 100 | |a Grant, David | ||
| 245 | 0 | |a Business basics | |
| 245 | 0 | |c David Grant, Robert McLarty | |
| 260 | |a Oxford | ||
| 260 | |b Oxford University Press | ||
| 260 | |c 2006 | ||
| 650 | |a English language,English language,Tiếng Anh thực hành,Tiếng Anh thực hành | ||
| 650 | |x Business English,Tiếng Anh trong kinh doanh | ||
| 904 | |i Giang | ||
| 915 | |a 400 | ||
| 980 | |a Trung tâm Học liệu Trường Đại học Cần Thơ | ||